A living from lobsters
保存先:
| 第一著者: | |
|---|---|
| フォーマット: | 図書 |
| 言語: | 英語 |
| 出版事項: |
Londres
Fishing News Books
1971
|
| シリーズ: | The fisherman's library
|
| 主題: | |
| タグ: |
タグ追加
タグなし, このレコードへの初めてのタグを付けませんか!
|
MARC
| LEADER | 00000nam a2200000 a 4500 | ||
|---|---|---|---|
| 001 | UCV5289 | ||
| 003 | CL-VaPUC | ||
| 008 | 921015e19710000UK |||||||||||||||||eng|d | ||
| 082 | 0 | 4 | |a 639.541 |b STE |2 21 |
| 100 | 0 | |a Stewart, Robert |e author |9 299613 | |
| 245 | 1 | 2 | |a A living from lobsters |
| 300 | |a 67 p | ||
| 942 | |c BK | ||
| 945 | |d 19921015 00:00:00 | ||
| 260 | |a Londres |b Fishing News Books |c 1971 | ||
| 650 | 7 | |a LANGOSTAS CRUSTACEOS |2 CL-VaPUC |9 261867 | |
| 583 | |a last modification |c 19921015 00:00:00 |k Rodrigo Vera | ||
| 490 | 0 | |a The fisherman's library | |
| 999 | |c 211857 |d 211855 | ||
| 952 | |0 0 |1 0 |4 0 |6 639_541000000000000_STE_1971 |7 0 |8 CCM |9 191861 |a BIBCUR |b BIBCUR |d 2019-11-14 |i 2593815 |o 639.541 STE 1971 |p 2593815 |r 2025-04-22 |w 2019-11-14 |y BK |k CIM | ||